Sports Quiz

Random Sports or Soccer Quiz

Champions League XIs: Chelsea Quiz Stats

Quiz Updated Mar 15, 2018

Challenge
Share
Tweet
Embed
Score 0/165 Timer 20:00
33 Plays Today
% Correct
Petr Čech
96.9%
Petr Čech
96.9%
Petr Čech
96.9%
Petr Čech
96.9%
Petr Čech
96.9%
Petr Čech
96.9%
John Terry
96.9%
John Terry
96.9%
John Terry
96.9%
John Terry
96.9%
John Terry
96.9%
John Terry
96.9%
John Terry
96.9%
Petr Čech
96.8%
John Terry
96.7%
Petr Čech
96.7%
John Terry
96.4%
Petr Čech
96.3%
John Terry
96.1%
Petr Čech
95.8%
John Terry
95.7%
Didier Drogba
95.7%
Didier Drogba
95.7%
Didier Drogba
95.7%
Didier Drogba
95.7%
Didier Drogba
95.7%
Didier Drogba
95.7%
Didier Drogba
95.5%
Frank Lampard
94.9%
Frank Lampard
94.9%
Frank Lampard
94.9%
Frank Lampard
94.9%
Frank Lampard
94.9%
Frank Lampard
94.9%
Frank Lampard
94.9%
Frank Lampard
94.7%
Didier Drogba
94.6%
Frank Lampard
93.8%
Thibaut Courtois
93.1%
Eden Hazard
92.9%
Ashley Cole
92%
Ashley Cole
92%
Ashley Cole
92%
Joe Cole
91.8%
Joe Cole
91.8%
Ashley Cole
91.7%
Ashley Cole
91.5%
Ashley Cole
90.9%
Diego Costa
90.6%
Eden Hazard
90.4%
Eden Hazard
90.4%
Gary Cahill
90%
Diego Costa
90%
Eden Hazard
89.8%
Thibaut Courtois
89.5%
% Correct
Eden Hazard
89.2%
Gary Cahill
88.6%
Gary Cahill
88.3%
Gary Cahill
87.7%
Gary Cahill
87%
Fernando Torres
85.8%
Branislav Ivanovic
84.8%
Branislav Ivanovic
84.6%
Branislav Ivanovic
84.5%
Willian
83.9%
Branislav Ivanovic
83.8%
Cesc Fàbregas
83.8%
Branislav Ivanovic
83.6%
Branislav Ivanovic
82.3%
César Azpilicueta
82%
Willian
80.6%
Cesc Fàbregas
80.4%
Willian
79.9%
César Azpilicueta
79.8%
César Azpilicueta
79.5%
Cesc Fàbregas
79.4%
Oscar
79.2%
Willian
79.2%
César Azpilicueta
79.2%
Oscar
78.8%
Marcos Alonso
78.1%
David Luiz
77.8%
David Luiz
77.6%
Alex
77.1%
Nemanja Matić
76.3%
John Obi Mikel
76.1%
John Obi Mikel
76.1%
John Obi Mikel
75.6%
Michael Essien
75.5%
Michael Essien
75.5%
Michael Essien
75.5%
Michael Essien
75.5%
Nemanja Matić
75.4%
John Obi Mikel
75.3%
John Obi Mikel
75.2%
Oscar
75.1%
Gianfranco Zola
74.8%
Michael Essien
74.5%
N'Golo Kanté
74.3%
Ricardo Carvalho
73.9%
Ricardo Carvalho
73.9%
Ricardo Carvalho
73.9%
Ricardo Carvalho
73.9%
Ricardo Carvalho
73.9%
Pedro Rodríguez
73.7%
Nicolas Anelka
73.4%
Nicolas Anelka
73.4%
Nicolas Anelka
72.3%
Ramires
71.5%
Ramires
71.2%
% Correct
Michael Ballack
71%
Michael Ballack
71%
Michael Ballack
71%
Michael Ballack
71%
Ramires
70.5%
Juan Manuel Mata
70%
Juan Manuel Mata
69.6%
Claude Makelele
69.6%
Claude Makelele
69.6%
Claude Makelele
69.6%
Claude Makelele
69.6%
Claude Makelele
69.6%
Asmir Begović
68.7%
Ramires
68.7%
Florent Malouda
68.4%
Florent Malouda
68.4%
Florent Malouda
68.4%
Florent Malouda
67.4%
Arjen Robben
66.4%
Carlo Cudicini
64.4%
Paulo Ferreira
64.2%
Paulo Ferreira
64.2%
Ramires
63.6%
Andriy Shevchenko
62.8%
Damien Duff
62.2%
Damien Duff
62.2%
Damien Duff
62.2%
Salomon Kalou
61.8%
Antonio Rüdiger
61.1%
Eidur Gudjohnsen
59.8%
Eidur Gudjohnsen
59.8%
Andreas Christensen
57.9%
Kurt Zouma
57.1%
Jose Bosingwa
56.9%
Marcel Desailly
56.6%
Samuel Eto'o
56.4%
William Gallas
56.1%
William Gallas
56.1%
William Gallas
56.1%
Hernan Crespo
54.4%
Dennis Wise
50%
Ed De Goey
47.9%
Tore-Andre Flo
47.6%
Wayne Bridge
47.5%
Adrian Mutu
42%
Filipe Luís
41.7%
Glen Johnson
39.4%
Frank Leboeuf
39.1%
Gustavo Poyet
38.4%
Raul Meireles
36.9%
Albert Ferrer
36.1%
Celestine Babayaro
33.1%
Didier Deschamps
32.6%
Dan Petrescu
29.8%
Yuri Zhirkov
27%

You're not logged in!

Compare scores with friends on all Sporcle quizzes.
Join for Free
OR
Log In

You Might Also Like...

Show Comments

Extras

Top Quizzes Today


Score Distribution

Your Account Isn't Verified!

In order to create a playlist on Sporcle, you need to verify the email address you used during registration. Go to your Sporcle Settings to finish the process.

Report this User

Report this user for behavior that violates our Community Guidelines.

Details: